| 000 | 01318cam a22003377a 4500 | ||
|---|---|---|---|
| 001 | 14456697 | ||
| 003 | OSt | ||
| 005 | 20230602151743.0 | ||
| 008 | 060718s2005 sa ac s f000 0 eng d | ||
| 010 | _a 2006432223 | ||
| 020 | _a0621360996 | ||
| 040 |
_aZ@L _cZ@L _dDLC |
||
| 046 | _af-sa--- | ||
| 082 | 0 | 0 |
_a305 _222 _bBEI |
| 086 |
_a171/2005 _2z |
||
| 245 | 0 | 0 |
_aBeijing +10 report : _bprogress report on the implementation of the Beijing platform for action / _cThe Presidency, Republic of South Africa. |
| 246 | 3 |
_aBeijing plus ten report : _bprogress report on the implementation of the Beijing platform for action |
|
| 260 |
_aPretoria : _bOffice on the Status of Women, The Presidency, _c[2005?] |
||
| 300 |
_axiv, 142 p. : _bill., 1 port. ; _c30 cm. |
||
| 500 | _aTitle from cover. | ||
| 650 | 0 |
_aWomen _zSouth Africa _xSocial conditions. |
|
| 650 | 0 |
_aWomen _xLegal status, laws, etc. _zSouth Africa. |
|
| 650 | 0 |
_aEquality before the law _zSouth Africa. |
|
| 650 | 0 |
_aWomen's rights _zSouth Africa. |
|
| 710 | 1 |
_aSouth Africa. _bPresidency. |
|
| 710 | 1 |
_aSouth Africa. _bOffice on the Status of Women. |
|
| 906 |
_a7 _bcbc _ccopycat _d2 _encip _f20 _gy-gencatlg |
||
| 942 |
_2ddc _cBK |
||
| 999 |
_c192 _d192 |
||